[Event "TUR-chT"]
[Site "Konya"]
[Date "2010.07.05"]
[Round "8"]
[White "Firat, Deniz"]
[Black "Temel, Jan"]
[Result "1-0"]
[WhiteElo "1621"]
[BlackElo "1938"]
[PlyCount "105"]
[EventDate "2010.06.29"]
[EventType "team-tourn"]
[EventRounds "13"]
[EventCountry "TUR"]
[SourceTitle "CBM 137 Extra"]
[Source "ChessBase"]
[SourceDate "2010.09.01"]
[SourceVersion "1"]
[SourceVersionDate "2010.09.01"]
[SourceQuality "1"]

1. d4 Nf6 2. c4 g6 3. Nf3 Bg7 4. g3 0-0 5. Bg2 d6 6. 0-0 c6 7. Nc3 Nbd7 8. h3 Nb6 9. b3 Bd7 10. Bb2 a5 11. e4 a4 12. e5 dxe5 13. dxe5 Ne8 14. c5 Nc8 15. Nxa4 Nc7 16. Qd2 Nd5 17. Rfd1 Qa5 18. Qxa5 Rxa5 19. Ng5 h6 20. Ne4 Be6 21. Nec3 Bxe5 22. Nxd5 Bxb2 23. Nxb2 cxd5 24. Bxd5 Bxd5 25. Rxd5 Nb6 26. Re5 Re8 27. Nd3 Nd7 28. Rd5 Nf6 29. Rd4 Rea8 30. a4 R5a6 31. Re1 e6 32. Nb4 Ra5 33. c6 bxc6 34. Nxc6 Rc5 35. Ne5 Rc2 36. Ng4 Nxg4 37. Rxg4 Rb2 38. Rb4 Rc8 39. a5 Ra8 40. Rb5 Ra2 41. b4 Ra4 42. Rc1 Kg7 43. Rb7 Kg8 44. Rb5 Ra2 45. Re1 Ra4 46. Rc1 Kg7 47. Rb7 Kg8 48. Rcc7 Ra1+ 49. Kg2 Rf8 50. Ra7 Ra4 51. b5 Rb8 52. b6 Rb4 53. b7 1-0

[Event "Pszczyna op"]
[Site "Pszczyna"]
[Date "2009.07.18"]
[Round "7"]
[White "Buchowski, Adam"]
[Black "Temel, Jan"]
[Result "0-1"]
[WhiteElo "1947"]
[BlackElo "1962"]
[PlyCount "44"]
[EventDate "2009.07.14"]
[EventType "swiss"]
[EventRounds "9"]
[EventCountry "POL"]
[SourceTitle "CBM 131 Extra"]
[Source "ChessBase"]
[SourceDate "2009.09.03"]
[SourceVersion "2"]
[SourceVersionDate "2009.09.16"]
[SourceQuality "1"]

1. Nf3 f5 2. d3 Nf6 3. e4 d6 4. exf5 Bxf5 5. d4 c6 6. b3 g6 7. Bb2 Nbd7 8. Nbd2 Bg7 9. Be2 Nf8 10. h3 h6 11. Nc4 g5 12. Bd3 Qd7 13. Ne3 Bxd3 14. Qxd3 e6 15. c4 Qf7 16. Ba3 0-0-0 17. Rb1 Ng6 18. g3 Nh5 19. Nd2 c5 20. dxc5 dxc5 21. Qc2 Ne5 22. 0-0 Rxd2 0-1

[Event "Pszczyna op"]
[Site "Pszczyna"]
[Date "2009.07.14"]
[Round "1"]
[White "Walach, Marcin"]
[Black "Temel, Jan"]
[Result "1-0"]
[WhiteElo "2384"]
[BlackElo "1962"]
[PlyCount "65"]
[EventDate "2009.07.14"]
[EventType "swiss"]
[EventRounds "9"]
[EventCountry "POL"]
[SourceTitle "CBM 131 Extra"]
[Source "ChessBase"]
[SourceDate "2009.09.03"]
[SourceVersion "2"]
[SourceVersionDate "2009.09.16"]
[SourceQuality "1"]

1. e4 e6 2. Qe2 b6 3. g3 Bb7 4. Bg2 f5 5. Nc3 Nf6 6. d3 Bb4 7. Bd2 0-0 8. f4 d5 9. e5 Nfd7 10. Nf3 c5 11. Nb5 Bxd2+ 12. Qxd2 Bc6 13. Nd6 h6 14. h4 b5 15. h5 a5 16. Nh4 Qb6 17. Ng6 Rd8 18. g4 fxg4 19. Qe2 Nf8 20. Qxg4 Nbd7 21. Ne7+ Kh7 22. Rg1 g5 23. hxg6+ Kg7 24. Rh1 Nxe5 25. fxe5 c4 26. Ndf5+ exf5 27. Nxf5+ Kg8 28. Nxh6+ Kg7 29. Nf5+ Kg8 30. Rh8+ Kxh8 31. g7+ Kh7 32. g8B+ Kh8 33. Qg7# 1-0

[Event "POL-chT3 Slaskie"]
[Site "Poland"]
[Date "2008.02.03"]
[Round "2.3"]
[White "Dors, Ryszard"]
[Black "Temel, Jan"]
[Result "1-0"]
[WhiteElo "2239"]
[BlackElo "1997"]
[PlyCount "101"]
[EventDate "2008.02.03"]
[EventType "team-swiss"]
[EventRounds "9"]
[EventCountry "POL"]
[SourceTitle "EXT 2019"]
[Source "ChessBase"]
[SourceDate "2018.10.10"]
[SourceVersion "1"]
[SourceVersionDate "2018.10.10"]
[SourceQuality "1"]

1. Nf3 Nf6 2. c4 e6 3. g3 b6 4. Bg2 Bb7 5. 0-0 Be7 6. b3 0-0 7. Bb2 d6 8. d3 Nbd7 9. Nbd2 a5 10. a3 Nc5 11. Qc2 Ng4 12. d4 Nd7 13. Ng5 Bxg5 14. Bxb7 Rb8 15. Bg2 f5 16. h3 Nh6 17. f4 Be7 18. Rae1 Nf6 19. e4 fxe4 20. Nxe4 Nh5 21. Bf3 Qe8 22. Qe2 g6 23. d5 exd5 24. Ng5 Bxg5 25. Bxd5+ Nf7 26. Qg4 Qc8 27. fxg5 Qxg4 28. hxg4 c6 29. Bxf7+ Rxf7 30. Rxf7 Kxf7 31. gxh5 gxh5 32. Bf6 h6 33. Re7+ Kg6 34. Rg7+ Kf5 35. Be7 hxg5 36. Bxg5 b5 37. Bf4 a4 38. b4 bxc4 39. Bxd6 Rd8 40. Bf4 h4 41. Rg5+ Ke4 42. Re5+ Kd4 43. gxh4 Rf8 44. Bh6 Rf3 45. Kg2 Rxa3 46. Bg7 Kd3 47. h5 c3 48. h6 Rb3 49. h7 c2 50. Rc5 Rxb4 51. h8Q 1-0